000 01212nam a22003497a 4500
003 CHAP
005 20220329134129.0
008 971013s1994 r 00010 d
010 _a15861
011 _a16833
035 _a20915
040 _cCHAP
090 _aTesis
100 0 0 _aBarriga Reyes, Mario.
_910502
245 _aMateriales para la elaboración de sustratos para la producción de champiñón Agaricus bisporus (Lange) Singer (una revisión bibliográfica)
260 _aChapingo, Méx. :
_bEl autor,
_c1994
300 _a138 h.
_b: ilus. ; gráfs.
502 _aTesis (Ing. Agr. Esp. en Fitotecnia) -- UACH. Departamento de Fitotecnia
590 _aALEPH
_b10
_c20130110
_lUCH01
_h1238
590 _aBATCH-UPD
_b10
_c20130110
_lUCH01
_h1112
590 _aCONVERSION
_b10
_c20130109
_lUCH01
_h1310
650 1 4 _aAgaricus bisporus.
_91063
650 1 4 _aHongos comestibles.
_956124
650 1 4 _aSetas.
_9105368
650 1 4 _aSetas
_xRendimiento.
_9105381
650 1 4 _aSustratos.
_9110789
901 _aBK
942 _cFOLL
949 _bBC
_cTES
_d-48856
_eTS1
_h26775
_i20915
_si
949 _bBC
_cTES
_d-48858
_eTS2
_fc.2
_h26776
_i20915
_si
949 _bBC
_cTES
_d-48860
_eTS2
_fc.3
_h26777
_i20915
_si
999 _c15861
_d15861